<?xml version="1.0" encoding="UTF-8"?>
<record
    xmlns:xsi="http://www.w3.org/2001/XMLSchema-instance"
    xsi:schemaLocation="http://www.loc.gov/MARC21/slim http://www.loc.gov/standards/marcxml/schema/MARC21slim.xsd"
    xmlns="http://www.loc.gov/MARC21/slim">

  <leader>00946nam a22002057a 4500</leader>
  <controlfield tag="005">20230922140936.0</controlfield>
  <controlfield tag="008">230922b           ||||| |||| 00| 0 eng d</controlfield>
  <datafield tag="020" ind1=" " ind2=" ">
    <subfield code="a">9789392639036</subfield>
  </datafield>
  <datafield tag="040" ind1=" " ind2=" ">
    <subfield code="c">AL</subfield>
  </datafield>
  <datafield tag="041" ind1=" " ind2=" ">
    <subfield code="a">eng</subfield>
  </datafield>
  <datafield tag="082" ind1=" " ind2=" ">
    <subfield code="2">23</subfield>
    <subfield code="a">363.34936</subfield>
    <subfield code="b">SISU</subfield>
  </datafield>
  <datafield tag="100" ind1=" " ind2=" ">
    <subfield code="a">Sisodia R N</subfield>
    <subfield code="9">134607</subfield>
  </datafield>
  <datafield tag="245" ind1=" " ind2=" ">
    <subfield code="a">Urban planning and disaster management Vol.1</subfield>
  </datafield>
  <datafield tag="260" ind1=" " ind2=" ">
    <subfield code="a">Jaipur</subfield>
    <subfield code="b">DND Publications</subfield>
    <subfield code="c">2024</subfield>
  </datafield>
  <datafield tag="300" ind1=" " ind2=" ">
    <subfield code="a">ix,292p.</subfield>
    <subfield code="b">HB</subfield>
    <subfield code="c">22.5x14.5cm.</subfield>
  </datafield>
  <datafield tag="365" ind1=" " ind2=" ">
    <subfield code="2">General</subfield>
    <subfield code="a">07</subfield>
    <subfield code="b">&#x20B9;1423.50</subfield>
    <subfield code="c">&#x20B9;</subfield>
    <subfield code="d">&#x20B9;1950.00</subfield>
    <subfield code="e">27%</subfield>
    <subfield code="f">19-08-2023</subfield>
  </datafield>
  <datafield tag="520" ind1=" " ind2=" ">
    <subfield code="a">Geographical factors affecting urbanization; evolution of urban centres; growth of urban population and urbanization; functions and functional classification of urban centres; rank size relationship and hierarchy of urban centres; district wise and region wise urbanisation; problems of urbanization; planning and development.</subfield>
  </datafield>
  <datafield tag="650" ind1=" " ind2=" ">
    <subfield code="2">Social Problems and Services</subfield>
    <subfield code="a">Disaster Management</subfield>
    <subfield code="9">134608</subfield>
  </datafield>
  <datafield tag="942" ind1=" " ind2=" ">
    <subfield code="2">ddc</subfield>
    <subfield code="c">BK</subfield>
  </datafield>
  <datafield tag="999" ind1=" " ind2=" ">
    <subfield code="c">228891</subfield>
    <subfield code="d">228891</subfield>
  </datafield>
  <datafield tag="952" ind1=" " ind2=" ">
    <subfield code="0">0</subfield>
    <subfield code="1">0</subfield>
    <subfield code="2">ddc</subfield>
    <subfield code="4">0</subfield>
    <subfield code="7">0</subfield>
    <subfield code="8">MSW</subfield>
    <subfield code="a">SACPG</subfield>
    <subfield code="b">SACPG</subfield>
    <subfield code="d">2023-09-16</subfield>
    <subfield code="e">Saraswati Publishers and Distributors</subfield>
    <subfield code="g">1423.50</subfield>
    <subfield code="l">0</subfield>
    <subfield code="o">363.34936 SISU</subfield>
    <subfield code="p">PG024412</subfield>
    <subfield code="r">2023-09-22 00:00:00</subfield>
    <subfield code="v">1950.00</subfield>
    <subfield code="w">2023-09-22</subfield>
    <subfield code="y">BK</subfield>
  </datafield>
</record>
